| 000 | 00678nam a2200217Ia 4500 | ||
|---|---|---|---|
| 003 | GCL | ||
| 008 | 140319s9999 xx 000 0 ara d | ||
| 040 |
_aGCL / _cGCL |
||
| 082 | 0 | 4 |
_a894.511 _bف ش |
| 100 | 1 | _aفوزى العنتيل | |
| 245 | 1 | 0 |
_aالاعمال الكاملة: مج 2: قصائد مختارة / _cفوزى العنتيل |
| 700 | 1 | _aشاندور بيتوفى | |
| 300 | _a567 ص | ||
| 490 | _a | ||
| 650 | 0 | 4 | _aدواوين وقصائد |
| 650 | 0 | 4 | _aالادب المجرى المترجم |
| 650 | 0 | 4 | _aالشعر المجرى المترجم |
| 650 | 0 | 4 | _aالشعراء المجريون |
| 650 | 0 | 4 | _aشاندور بيتوفى |
| 942 |
_2ddc _cBK |
||
| 999 |
_c40379 _d40379 |
||